South Eastern Kenya University

Library Online Public Access Catalogue


The chemistry of the steroids / (Record no. 2460)

MARC details
000 -LEADER
fixed length control field 00395cam a22001331 4500
050 00 - LIBRARY OF CONGRESS CALL NUMBER
Classification Number QD415
Item Number .K56
100 1# - MAIN ENTRY--Author
Personal name Klyne, William.
245 14 - TITLE
Title The chemistry of the steroids /
Statement of responsibility, etc William Klyne
260 ## - PUBLICATION, DISTRIBUTION, ETC.(IMPRINT)
Place of publication, distribution, etc London [UK] / New York [USA] :
Name of publisher, distributor, etc Methuen & Co. Ltd / John Wiley & Sons Inc.,
Date of publication, distribution, etc C1960.
300 ## - PHYSICAL DESCRIPTION
Extent 230 p.
500 ## - GENERALNOTE
General note Includes bibliographic references
650 #0 - SUBJECT--TOPIC
Topical term following geographic name as entry element Steroids
942 ## - ADDED ENTRY ELEMENTS(KOHA)
Koha item type General circulation
Holdings
Source of classification or shelving scheme Not for loan Location (home branch) Sublocation (holding branch) Date accessioned Cost, normal purchase price Full call number Barcode Cost, replacement price Nonpublic note Koha item type Public note
Library of Congress Classification   Main Campus Library Main Campus Library 29/08/2014 3343.12 QD415 .K56 001257 3843.12 Nzk General circulation Nzk
Kitui, Kenya.
+254736116989
library@seku.ac.ke